| 000 | 01137nam a2200265Ia 4500 | ||
|---|---|---|---|
| 003 | OSt | ||
| 005 | 20220923224549.0 | ||
| 006 | a|||||r|||| 00| 0 | ||
| 007 | ta | ||
| 008 | 220922b |||||||| |||| 00| 0 hin d | ||
| 020 | _c195 | ||
| 024 | _a242,590 | ||
| 037 |
_b485, 02/03/2010, Vani Prakashan _cTextual |
||
| 040 |
_aARTS _cARTS _bhin |
||
| 041 |
_2hin _ahin |
||
| 082 | _aO152,3N40:g, P0 | ||
| 100 |
_aयादव, हितेंद्र; कविता सुरभि; सक्सेना, सुनीता _9162874 |
||
| 245 | 0 |
_aपौराणिक उपन्यास _b समीक्षात्मक अध्ययन |
|
| 246 | _aPaurāṇik upanyāsa: samīkṣhātmak adhyayana | ||
| 260 |
_aनयी दिल्ली _b वाणी प्रकाशन _c2000 |
||
| 300 |
_a214पृ. _ccm. |
||
| 650 |
_aहिन्दी साहित्य _9156264 |
||
| 942 |
_hO152,3N40:g, P0 _cTEXL _2CC |
||
| 999 |
_c372243 _d372243 |
||